000 00329nam a2200133Ia 4500
008 230818s1999 xx 000 0 und d
041 _aeng
100 _aCreoles
245 _aExotic Desserts From Confections
260 _bKonemann Pub Bonner
_c1999
300 _a215p
520 _aReference Copy
999 _c851939
_d851939
650 _aFood Production